Voices - Damiano David (all lyrics) - Statistics

General Stats
  • This quiz has been taken 47 times
    46 since last reset
  • The average score is 318 of 404
Answer Stats
Answer % Correct
a
100%
I
100%
the
100%
voices
100%
Do
96%
go
96%
gonna
96%
me
96%
these
96%
They
96%
they
96%
you
96%
all
93%
find
93%
they're
93%
They're
93%
to
89%
wherever
89%
your
89%
baby
86%
back
86%
My
86%
my
86%
When
86%
by
82%
hear
82%
in
82%
I've
82%
like
82%
Oh
82%
right
82%
straight
82%
Tell
82%
been
79%
door
79%
'em
79%
em
79%
every
79%
out
79%
Out
79%
road
79%
too
79%
But
75%
but
75%
can
75%
chasing
75%
don't
75%
head
75%
lie
75%
on
75%
runnin
75%
she
75%
She
75%
take
75%
that
75%
them
75%
want
75%
it
71%
life
71%
mind
71%
New
71%
new
71%
say
71%
still
71%
after
68%
imagination
68%
leads
68%
let
68%
simple
68%
sounds
68%
tellin
68%
feel
64%
forget
64%
It's
64%
lies
64%
of
64%
side
64%
sight
64%
wants
64%
Won't
64%
at
61%
drive
61%
girl
61%
house
61%
look
61%
movin
61%
silence
61%
time
61%
you're
61%
bed
57%
close
57%
goin
57%
goin'
57%
round
57%
will
57%
make
54%
night
54%
said
54%
things
54%
yeah
54%
he's
50%
more
50%
state
50%
cut
46%
down
46%
heal
46%
knife
46%
late
46%
layin
46%
over
46%
through
46%
throwin
46%
memories
43%
plate
43%
set
43%
core
39%
Deep
39%
into
39%
car
36%
damn
32%
would
32%
pour
21%
No matching quizzes found
Score Distribution
Percent of People with Each Score
Percentile by Number Answered
Your Score History
You have not taken this quiz since the last reset